Sometimes God has a kid's face : (Record no. 9073)
[ view plain ]
| 000 -LEADER | |
|---|---|
| fixed length control field | 00818nam a22002417a 4500 |
| 003 - CONTROL NUMBER IDENTIFIER | |
| control field | SISC |
| 005 - DATE AND TIME OF LATEST TRANSACTION | |
| control field | 20160404105344.0 |
| 008 - FIXED-LENGTH DATA ELEMENTS--GENERAL INFORMATION | |
| fixed length control field | 130227t xxu||||| |||| 00| 0 eng d |
| 050 ## - LIBRARY OF CONGRESS CALL NUMBER | |
| Classification number | HV 885 |
| Item number | .R614 1988 |
| 082 ## - DEWEY DECIMAL CLASSIFICATION NUMBER | |
| Classification number | HS 362.74 |
| Item number | .R51 1988 |
| 100 ## - MAIN ENTRY--PERSONAL NAME | |
| Personal name | Ritter, Bruce |
| 9 (RLIN) | 12336 |
| 245 ## - TITLE STATEMENT | |
| Title | Sometimes God has a kid's face : |
| Remainder of title | letters from Covenant House / |
| Statement of responsibility, etc | Ritter, Bruce |
| 260 ## - PUBLICATION, DISTRIBUTION, ETC. (IMPRINT) | |
| Place of publication, distribution, etc | New York : |
| Name of publisher, distributor, etc | Covenant House, |
| Date of publication, distribution, etc | c1988. |
| 300 ## - PHYSICAL DESCRIPTION | |
| Extent | 121 p. |
| Other physical details | ill. ; |
| Dimensions | 17 cm. |
| 562 ## - COPY AND VERSION IDENTIFICATION NOTE | |
| Number of copies | 1 |
| 650 ## - SUBJECT ADDED ENTRY--TOPICAL TERM | |
| Topical term or geographic name as entry element | Covenant House (New York, N.Y.). |
| 9 (RLIN) | 12337 |
| 650 ## - SUBJECT ADDED ENTRY--TOPICAL TERM | |
| Topical term or geographic name as entry element | Homeless children |
| General subdivision | New York |
| 9 (RLIN) | 12338 |
| 650 ## - SUBJECT ADDED ENTRY--TOPICAL TERM | |
| Topical term or geographic name as entry element | State) |
| General subdivision | New York. |
| -- | Case Studies. |
| 9 (RLIN) | 12339 |
| 650 ## - SUBJECT ADDED ENTRY--TOPICAL TERM | |
| Topical term or geographic name as entry element | Abandoned children. |
| General subdivision | New York . |
| -- | (State) |
| 9 (RLIN) | 12340 |
| 650 ## - SUBJECT ADDED ENTRY--TOPICAL TERM | |
| Topical term or geographic name as entry element | Runaway teenagers. |
| General subdivision | New York (State).Case Studies. |
| 9 (RLIN) | 12341 |
| 942 ## - ADDED ENTRY ELEMENTS (KOHA) | |
| Source of classification or shelving scheme | Library of Congress Classification |
| Koha item type | Books |
| Withdrawn status | Lost status | Source of classification or shelving scheme | Damaged status | Home library | Current library | Shelving location | Date acquired | Total Checkouts | Full call number | Barcode | Date last seen | Copy number | Price effective from | Koha item type |
|---|---|---|---|---|---|---|---|---|---|---|---|---|---|---|
| Library of Congress Classification | Luxembourg Library | Luxembourg Library | High School Section | 08/22/2013 | HV 885 .R614 1988 | 10586 | 04/04/2016 | 1 | 08/22/2013 | Books |